000 01026nam a22003257a 4500
003 CHAP
005 20220329143450.0
008 091112s1982 mx r 00010 spa d
010 _a97056
011 _a98028
020 _a968181519X
035 _a108703
040 _cCHAP
082 0 4 _a658.072
_bC23
100 1 _aCarrillo Landeros, Ramiro
_919504
245 1 0 _aMetodología y administración
_c/po Ramiro Carrillo Landeros
260 _aMéxico, D.F. :
_bLimusa,
_c1982
300 _a254 p.
590 _aBATCH-UPD
_b10
_c20130110
_lUCH01
_h0921
590 _aBATCH-UPD
_b10
_c20130410
_lUCH01
_h0543
590 _aBATCH-UPD
_b10
_c20130913
_lUCH01
_h1936
590 _aCONVERSION
_b10
_c20130109
_lUCH01
_h1354
650 1 4 _aAdministracion publica.
_9934
650 1 4 _aAdministración.
_9918
650 1 4 _aAdministración
_xEstudio y ensenanza.
_9920
650 1 4 _aCiencia
_xInvestigación.
_923126
901 _aBK
942 _cLIBRO
949 _a658.072 C23
_bBC
_cLIBRO
_d33724002132678
_eLIBRO
_gI.c/e
_h111336
_i108703
_si
999 _c97056
_d97056